Countries with the largest economy in 2050 - Statistics

General Stats
  • This quiz has been taken 116 times
  • The average score is 27 of 30
Answer Stats
GDP Answer % Correct
$58.499 trillion China
100%
$44.128 trillion India
100%
$7.540 trillion Brazil
99%
$6.863 trillion Mexico
99%
$7.131 trillion Russia
99%
$6.779 trillion Japan
98%
$6.138 trillion Germany
97%
$34.102 trillion USA
97%
$10.502 trillion Indonesia
96%
$5.369 trillion UK
95%
$2.365 trillion Argentina
94%
$3.1 trillion Canada
94%
$4.705 trillion France
94%
$3.539 trillion South Korea
94%
$2.732 trillion Spain
94%
$4.333 trillion Egypt
93%
$5.184 trillion Turkey
91%
$4.348 trillion Nigeria
90%
$2.570 trillion South Africa
90%
$3.115 trillion Italy
89%
$4.236 trillion Pakistan
89%
$4.694 trillion Saudi Arabia
89%
$2.564 trillion Australia
87%
$2.782 trillion Thailand
87%
$3.176 trillion Vietnam
86%
$3.064 trillion Bangladesh
85%
$3.900 trillion Iran
84%
$2.103 trillion Poland
80%
$3.334 trillion Philippines
78%
$2.815 trillion Malaysia
73%
No matching quizzes found
Score Distribution
Percent of People with Each Score
Percentile by Number Answered
Your Score History
You have not taken this quiz